[Event "York ChessMates 12th"]
[Site "York"]
[Date "2025.03.21"]
[Round "1.3"]
[White "Pereslavtsev, Alexandr"]
[Black "Omarsson, Adam"]
[Result "1/2-1/2"]
[WhiteElo "2095"]
[BlackElo "2073"]
[PlyCount "68"]
[EventDate "2025.03.21"]
[EventType "team-swiss"]
[EventRounds "5"]
[EventCountry "ENG"]
[SourceTitle "CB13_2025"]
[SourceDate "2025.03.26"]
[SourceVersion "1"]
[SourceVersionDate "2025.03.26"]
[SourceQuality "1"]
[WhiteTeam "England"]
[BlackTeam "Iceland"]
[WhiteTeamCountry "ENG"]
[BlackTeamCountry "ISL"]

1. d4 Nf6 2. c4 g6 3. Nc3 Bg7 4. e4 d6 5. Be2 0-0 6. Be3 c5 7. d5 e6 8. Nf3 exd5 9. exd5 Bf5 10. 0-0 Ne4 11. Bd3 Nxc3 12. bxc3 Bg4 13. Be2 Bxf3 14. Bxf3 Nd7 15. Qb3 Rb8 16. Rab1 Ne5 17. Be2 f5 18. f4 Nd7 19. Bf3 Re8 20. Bd2 Nf6 21. Rfe1 Qd7 22. Rxe8+ Nxe8 23. Qa3 b5 24. Be2 b4 25. cxb4 cxb4 26. Bxb4 Bd4+ 27. Kf1 Bc5 28. Rb3 Rxb4 29. Rxb4 Qe7 30. Qb2 Qe3 31. Bf3 Qg1+ 32. Ke2 Qe3+ 33. Kf1 Qg1+ 34. Ke2 Qe3+ 1/2-1/2

[Event "York ChessMates 12th"]
[Site "York"]
[Date "2025.03.21"]
[Round "2.13"]
[White "Pereslavtsev, Alexandr"]
[Black "Woods, Christopher"]
[Result "1-0"]
[WhiteElo "2095"]
[BlackElo "1972"]
[PlyCount "49"]
[EventDate "2025.03.21"]
[EventType "team-swiss"]
[EventRounds "5"]
[EventCountry "ENG"]
[SourceTitle "CB13_2025"]
[SourceDate "2025.03.26"]
[SourceVersion "1"]
[SourceVersionDate "2025.03.26"]
[SourceQuality "1"]
[WhiteTeam "England"]
[BlackTeam "Ireland"]
[WhiteTeamCountry "ENG"]
[BlackTeamCountry "IRL"]

1. d4 Nf6 2. c4 e6 3. Nf3 b6 4. g3 Ba6 5. Qc2 Bb7 6. Bg2 c5 7. d5 exd5 8. cxd5 Nxd5 9. Ng5 Ne3 10. Bxe3 Bxg2 11. Rg1 Bc6 12. Nc3 h6 13. Nf3 Be7 14. 0-0-0 Bxf3 15. exf3 Nc6 16. Qf5 d6 17. Ne4 Qd7 18. Qd5 Rd8 19. a3 0-0 20. g4 Na5 21. g5 hxg5 22. Bxg5 Rfe8 23. Bf6 Qe6 24. Rxg7+ Kf8 25. Rg8+ 1-0

[Event "Isle of Wight op"]
[Site "Ryde"]
[Date "2025.02.22"]
[Round "8"]
[White "Rappazzo, Johannes"]
[Black "Pereslavtsev, Alexandr"]
[Result "0-1"]
[WhiteElo "2209"]
[BlackElo "1946"]
[PlyCount "90"]
[EventDate "2025.02.18"]
[EventType "swiss"]
[EventRounds "9"]
[EventCountry "ENG"]
[SourceTitle "CB09_2025"]
[SourceDate "2025.02.27"]
[SourceVersion "1"]
[SourceVersionDate "2025.02.27"]
[SourceQuality "1"]

1. e4 c5 2. Nf3 e6 3. d4 cxd4 4. Nxd4 a6 5. c4 Nf6 6. Nc3 Qc7 7. a3 b6 8. Be3 Bb7 9. f3 Be7 10. Rc1 Nc6 11. Be2 0-0 12. 0-0 Bd6 13. f4 Nxd4 14. Qxd4 Bc5 15. Qd3 e5 16. f5 Rac8 17. b4 Bxe3+ 18. Qxe3 d6 19. Bd3 a5 20. h3 axb4 21. axb4 Ra8 22. Ra1 Ba6 23. Nd5 Nxd5 24. exd5 Bxc4 25. f6 Bxd3 26. Rac1 Qd7 27. Qxd3 Rac8 28. Qg3 g6 29. Rce1 Kh8 30. Re4 Qb5 31. Qh4 g5 32. Qxg5 Rg8 33. Qd2 Rg6 34. Rg4 Rcg8 35. Rc1 Rxf6 36. Rxg8+ Kxg8 37. h4 Qd7 38. Qe3 Qg4 39. Qxb6 Qxh4 40. b5 Rh6 41. Rc8+ Kg7 42. Qe3 Qh1+ 43. Kf2 Rf6+ 44. Ke2 Qxg2+ 45. Kd3 Rf3 0-1

[Event "Isle of Wight op"]
[Site "Ryde"]
[Date "2025.02.21"]
[Round "6"]
[White "Wilks, Simon"]
[Black "Pereslavtsev, Alexandr"]
[Result "0-1"]
[WhiteElo "2089"]
[BlackElo "1946"]
[PlyCount "78"]
[EventDate "2025.02.18"]
[EventType "swiss"]
[EventRounds "9"]
[EventCountry "ENG"]
[SourceTitle "CB09_2025"]
[SourceDate "2025.02.27"]
[SourceVersion "1"]
[SourceVersionDate "2025.02.27"]
[SourceQuality "1"]

1. e4 c5 2. Nf3 e6 3. d4 cxd4 4. Nxd4 a6 5. Bd3 Bc5 6. Nb3 Ba7 7. Qe2 Nc6 8. Be3 Nf6 9. Nc3 Bxe3 10. Qxe3 d6 11. 0-0-0 0-0 12. f4 Qc7 13. Be2 b5 14. Bf3 Rb8 15. g4 Rd8 16. e5 Ne8 17. exd6 Nxd6 18. Qc5 Bb7 19. Nd4 Rbc8 20. Nxc6 Bxc6 21. Bxc6 Qxc6 22. Qxc6 Rxc6 23. Rd4 Kf8 24. Rhd1 Ke7 25. a4 bxa4 26. Nxa4 Rdc8 27. R1d2 R8c7 28. b3 Nb5 29. Re4 h5 30. f5 hxg4 31. Rxg4 e5 32. Rxg7 Nd4 33. Kd1 Nxf5 34. Rg5 Kf6 35. Rh5 Ne3+ 36. Ke2 Nxc2 37. Nb2 Nd4+ 38. Kf1 Rc1+ 39. Kf2 R1c2 0-1

[Event "Isle of Wight op"]
[Site "Ryde"]
[Date "2025.02.20"]
[Round "5"]
[White "Larchikov, Maksym"]
[Black "Pereslavtsev, Alexandr"]
[Result "1/2-1/2"]
[WhiteElo "2088"]
[BlackElo "1946"]
[PlyCount "93"]
[EventDate "2025.02.18"]
[EventType "swiss"]
[EventRounds "9"]
[EventCountry "ENG"]
[SourceTitle "CB09_2025"]
[SourceDate "2025.02.27"]
[SourceVersion "1"]
[SourceVersionDate "2025.02.27"]
[SourceQuality "1"]

1. d4 Nf6 2. c4 c5 3. d5 b5 4. cxb5 a6 5. bxa6 g6 6. Nc3 Bg7 7. Nf3 0-0 8. g3 Bxa6 9. Bg2 d6 10. 0-0 Nbd7 11. h3 Qa5 12. Re1 Rfb8 13. e4 Ne8 14. Qc2 Nb6 15. Nd2 Bc4 16. a3 Nc7 17. Rb1 Nb5 18. Nxb5 Qxb5 19. Nxc4 Qxc4 20. Re2 Qxc2 21. Rxc2 Na4 22. b4 Rb7 23. Rb3 Rab8 24. Bf1 cxb4 25. Rxb4 Rxb4 26. axb4 Nc3 27. b5 h5 28. Bd3 Nxb5 29. Bxb5 Rxb5 30. Rc8+ Kh7 31. Bg5 f6 32. Bf4 f5 33. Rc7 fxe4 34. Rxe7 Rxd5 35. Rxe4 g5 36. Be3 Bf6 37. Kf1 Kg7 38. Ke2 Ra5 39. Rb4 Ra2+ 40. Kf3 d5 41. Rb5 g4+ 42. hxg4 hxg4+ 43. Kxg4 d4 44. Bg5 Rxf2 45. Rd5 Bxg5 46. Kxg5 Rf3 47. Rxd4 1/2-1/2

[Event "BCF-chT3W 2324 (4NCL)"]
[Site "England"]
[Date "2024.05.05"]
[Round "10.42"]
[White "Pereslavtsev, Alexandr"]
[Black "Willmoth, Robert"]
[Result "1/2-1/2"]
[WhiteElo "1696"]
[BlackElo "2191"]
[PlyCount "96"]
[EventDate "2023.11.18"]
[EventType "team-tourn"]
[EventRounds "11"]
[EventCountry "ENG"]
[SourceTitle "EXT 2025"]
[Source "ChessBase"]
[SourceDate "2024.10.14"]
[SourceVersion "1"]
[SourceVersionDate "2024.10.14"]
[SourceQuality "1"]
[WhiteTeam "Brown Jack"]
[BlackTeam "Barnet Knights II"]
[WhiteTeamCountry "ENG"]
[BlackTeamCountry "ENG"]

1. d4 d6 2. Nf3 Bg4 3. g3 Bxf3 4. exf3 d5 5. Bg2 Nf6 6. 0-0 e6 7. Re1 g6 8. h4 Bg7 9. Bg5 h6 10. Bxf6 Qxf6 11. c3 Nd7 12. b4 0-0 13. a4 b6 14. b5 Rfc8 15. f4 a6 16. Nd2 Ra7 17. Nb3 c6 18. bxc6 Rxc6 19. Qd2 h5 20. Qb2 Qd8 21. Nd2 Rc8 22. Rac1 Qc7 23. c4 dxc4 24. Rxc4 Qb8 25. Rec1 Rac7 26. Qb4 Rxc4 27. Rxc4 Rxc4 28. Qxc4 b5 29. Qc6 Qa7 30. Nb3 Bxd4 31. Nxd4 Qxd4 32. axb5 Qd1+ 33. Kh2 axb5 34. Qxb5 Nf6 35. Bh3 Qd5 36. Qxd5 exd5 37. f5 Kg7 38. f3 Ne8 39. Kg2 Kf6 40. fxg6 fxg6 41. Kf2 Ke5 42. Ke3 Ng7 43. f4+ Kf6 44. Kd4 Nf5+ 45. Bxf5 Kxf5 46. Kxd5 Kg4 47. Ke6 Kxg3 48. f5 gxf5 1/2-1/2

[Event "BCF-chT3W 2324 (4NCL)"]
[Site "England"]
[Date "2024.03.09"]
[Round "7.25"]
[White "Wannasin Bell, Charlie"]
[Black "Pereslavtsev, Alexandr"]
[Result "0-1"]
[WhiteElo "1715"]
[BlackElo "1696"]
[PlyCount "62"]
[EventDate "2023.11.18"]
[EventType "team-tourn"]
[EventRounds "11"]
[EventCountry "ENG"]
[SourceTitle "EXT 2025"]
[Source "ChessBase"]
[SourceDate "2024.10.14"]
[SourceVersion "1"]
[SourceVersionDate "2024.10.14"]
[SourceQuality "1"]
[WhiteTeam "Sussex Martlets III"]
[BlackTeam "Brown Jack"]
[WhiteTeamCountry "ENG"]
[BlackTeamCountry "ENG"]

1. b4 Nf6 2. Bb2 e6 3. b5 c6 4. a4 d5 5. Nf3 Bc5 6. d4 Bd6 7. e3 Nbd7 8. c4 0-0 9. c5 Bc7 10. Bd3 Re8 11. Nbd2 e5 12. dxe5 Nxe5 13. Qc2 Nxd3+ 14. Qxd3 Qe7 15. 0-0 Bg4 16. Bxf6 Qxf6 17. Nd4 Qh6 18. f4 g5 19. h3 Bd7 20. bxc6 bxc6 21. fxg5 Qxg5 22. e4 Bf4 23. exd5 Bxd2 24. dxc6 Qe3+ 25. Qxe3 Bxe3+ 26. Kh1 Be6 27. Nb5 Rec8 28. Rab1 Rxc6 29. Rf3 Bxc5 30. Rg3+ Kf8 31. Rc3 Rcc8 0-1

[Event "Cambridge op 2nd"]
[Site "Cambridge"]
[Date "2024.02.23"]
[Round "7"]
[White "Weaving, Richard"]
[Black "Pereslavtsev, Alexandr"]
[Result "1-0"]
[WhiteElo "2343"]
[BlackElo "1696"]
[PlyCount "57"]
[EventDate "2024.02.19"]
[EventType "swiss"]
[EventRounds "9"]
[EventCountry "ENG"]
[SourceTitle "CBM 218 Extra"]
[Source "ChessBase"]
[SourceDate "2024.03.31"]
[SourceVersion "1"]
[SourceVersionDate "2024.03.31"]
[SourceQuality "1"]

1. e4 c5 2. Nf3 e6 3. d4 cxd4 4. Nxd4 Qb6 5. Nb3 Qc7 6. Nc3 a6 7. Bd3 Nf6 8. 0-0 Nc6 9. f4 d6 10. Qf3 b5 11. Bd2 Bb7 12. Rae1 Rd8 13. Kh1 Be7 14. Qg3 e5 15. Nd5 Nxd5 16. exd5 Nd4 17. Nxd4 exd4 18. Qxg7 Rf8 19. f5 f6 20. Bh6 Rf7 21. Qg8+ Kd7 22. Qxf7 Re8 23. Re4 Qc5 24. Rfe1 Bxd5 25. Rxe7+ Rxe7 26. Rxe7+ Kc6 27. Qe8+ Kb6 28. Qd8+ Kc6 29. Qc7# 1-0

[Event "Daventry 4NCL op-A 30th"]
[Site "Daventry"]
[Date "2023.06.18"]
[Round "4"]
[White "Patel, Zain"]
[Black "Pereslavtsev, Alexandr"]
[Result "0-1"]
[WhiteElo "1979"]
[BlackElo "1504"]
[PlyCount "118"]
[EventDate "2023.06.16"]
[EventType "swiss"]
[EventRounds "5"]
[EventCountry "ENG"]
[SourceTitle "CBM 214 Extra"]
[Source "ChessBase"]
[SourceDate "2023.07.31"]
[SourceVersion "1"]
[SourceVersionDate "2023.07.31"]
[SourceQuality "1"]

1. d4 Nf6 2. Nf3 g6 3. c4 c5 4. d5 b5 5. cxb5 a6 6. b6 Qxb6 7. Nc3 d6 8. e4 Bg7 9. Be2 0-0 10. 0-0 Bg4 11. Nd2 Bxe2 12. Qxe2 Nbd7 13. Nc4 Qc7 14. h3 Nb6 15. Rd1 Nxc4 16. Qxc4 Rfb8 17. Rb1 Rb4 18. Qe2 Qb6 19. Bd2 Ne8 20. b3 Nc7 21. Na4 Qb5 22. Qg4 Rd4 23. Bc3 Rxd1+ 24. Rxd1 Bxc3 25. Nxc3 Qa5 26. Qd7 Qxc3 27. Qxc7 Qc2 28. Re1 Kf8 29. Qb7 Re8 30. Qxa6 Rb8 31. Qe2 Qc3 32. Qe3 Qxe3 33. Rxe3 Ra8 34. Re2 Ke8 35. Kf1 Kd8 36. Rc2 Kc7 37. Ke2 Kb6 38. f4 e6 39. Kf3 exd5 40. exd5 Kc7 41. Kg4 Re8 42. Kf3 Rb8 43. Re2 Kd7 44. Kg4 Rb4 45. Rd2 Re4 46. a4 Re3 47. b4 cxb4 48. Rb2 Rd3 49. Rxb4 Rxd5 50. Rb5 Rxb5 51. axb5 Kc7 52. Kf3 Kb6 53. Ke4 Kc5 54. g4 f6 55. f5 g5 56. h4 h6 57. b6 d5+ 58. Kd3 Kxb6 59. hxg5 hxg5 0-1

[Event "Daventry 4NCL op-A 30th"]
[Site "Daventry"]
[Date "2023.06.18"]
[Round "5"]
[White "Pereslavtsev, Alexandr"]
[Black "Rida, Ruqayyah"]
[Result "1/2-1/2"]
[WhiteElo "1504"]
[BlackElo "1873"]
[PlyCount "121"]
[EventDate "2023.06.16"]
[EventType "swiss"]
[EventRounds "5"]
[EventCountry "ENG"]
[SourceTitle "CBM 214 Extra"]
[Source "ChessBase"]
[SourceDate "2023.07.31"]
[SourceVersion "1"]
[SourceVersionDate "2023.07.31"]
[SourceQuality "1"]

1. d4 Nf6 2. Nf3 g6 3. c4 Bg7 4. Nc3 0-0 5. e4 d6 6. Be2 e5 7. 0-0 Nc6 8. dxe5 Nxe5 9. Nd4 Re8 10. f3 c6 11. Be3 a6 12. Qd2 d5 13. cxd5 cxd5 14. Bg5 dxe4 15. fxe4 h6 16. Bh4 g5 17. Bg3 Nc6 18. Nb3 Nxe4 19. Nxe4 Rxe4 20. Qc2 Re7 21. Rad1 Qe8 22. Bc4 Be6 23. Bxe6 Rxe6 24. Rfe1 Rc8 25. Rxe6 Qxe6 26. Rc1 Rd8 27. Nc5 Bd4+ 28. Bf2 Qf6 29. Nxb7 Rb8 30. Qxc6 Bxf2+ 31. Kf1 Qxc6 32. Rxc6 Rxb7 33. Kxf2 Rxb2+ 34. Kg3 Rxa2 35. Rxh6 Kg7 36. Rc6 f6 37. Kf3 Kg6 38. h3 a5 39. g4 a4 40. Ra6 a3 41. Ra7 Ra1 42. Kg2 Kh6 43. Kh2 Kg6 44. Kg2 a2 45. Kh2 Kh6 46. Kg2 Kg6 47. Kh2 Rd1 48. Rxa2 Rd6 49. Ra7 f5 50. gxf5+ Kxf5 51. Ra5+ Kf4 52. Ra4+ Kf5 53. Ra5+ Kg6 54. Kg3 Rd3+ 55. Kg4 Rd4+ 56. Kg3 Kh5 57. Ra8 Rd5 58. Ra6 Rd3+ 59. Kg2 Rb3 60. Rc6 Ra3 61. Rb6 1/2-1/2